00205nam a2200073Ia 4500008004100000100002300041245003900064260002800103190216s9999||||xx |||||||||||||| ||und|| aJather & Berin 0aElementary Principles Of Economics bOxford University Press